000 00313nam a2200133 i 4500
001 bg
100 1 _aSZTUMSKI, Janusz
245 0 _aWstęp do metod i technik... /
_cJanusz Sztumski.
260 _aKatowice,
_c1979.
040 _cBPK
041 _apol
942 _cKS
008 s pl f |000 0 pol
999 _c18405
_d18405
856 _uhttp://koha.tu.koszalin.pl/cgi-bin/koha/opac-detail.pl?biblionumber=18405
_yKatalog online BPK